000 00335 a2200109 4500
001 ART_17615
005 20260410161924.0
008 260409a
245 1 0 _aThe Arrow-Lind theorem in a continuum economy
100 1 _aGardner, Roy
773 0 _tThe American Economic Review
_g- Vol. 69, NÂș 3 (jun. 1979)
_wREV16190
999 _c27935
_d27935